| 000 | 00356nam a2200145Ia 4500 | ||
|---|---|---|---|
| 008 | 230719s9999 xx 000 0 und d | ||
| 041 | _aeng | ||
| 082 |
_a332.7 _bCHA |
||
| 100 |
_aChampy J. _9112451 |
||
| 245 | _aThe Arc Of Ambition | ||
| 260 |
_c2000 _bPersew Books |
||
| 300 | _a272 | ||
| 365 |
_cRs. _b136.00 |
||
| 700 |
_aChampy J. & Nohria N. _9203893 |
||
| 999 |
_c354499 _d354499 |
||